| Tag |
First Indicator |
Second Indicator |
Subfields |
| LEADER |
00000cam a2200000 i 4500 |
| 001 |
in00003988310 |
| 005 |
20191021080846.0 |
| 008 |
160325t20192019enka 001 0 eng |
| 010 |
|
|
|a 2016011026
|
| 020 |
|
|
|a 9781474220965
|q paperback
|
| 020 |
|
|
|a 1474220967
|q paperback
|
| 020 |
|
|
|z 9781474220972
|q electronic book
|
| 020 |
|
|
|a 1350065528
|q hardback
|
| 020 |
|
|
|a 9781350065529
|q hardback
|
| 035 |
|
|
|a (OCoLC)ocn945693794
|
| 040 |
|
|
|a DLC
|e rda
|c DLC
|d UtOrBLW
|
| 049 |
|
|
|a TXAM
|
| 050 |
0 |
0 |
|a TT507
|b .B546 2019
|
| 082 |
0 |
0 |
|a 746.9/20285
|2 23
|
| 100 |
1 |
|
|a Bitonti, Francis,
|d 1983-
|e author.
|0 http://id.loc.gov/authorities/names/n2016016280
|
| 245 |
1 |
0 |
|a 3D printing design :
|b additive manufacturing and the materials revolution /
|c Francis Bitonti.
|
| 264 |
|
1 |
|a London ;
|a New York :
|b Bloomsbury Visual Arts,
|c [2019]
|
| 264 |
|
4 |
|c ©2019
|
| 300 |
|
|
|a 160 pages ;
|c 20 cm.
|
| 336 |
|
|
|a text
|b txt
|2 rdacontent
|
| 337 |
|
|
|a unmediated
|b n
|2 rdamedia
|
| 338 |
|
|
|a volume
|b nc
|2 rdacarrier
|
| 500 |
|
|
|a Includes index.
|
| 520 |
|
|
|a To work with the materials of tomorrow, design students across visual arts disciplines need to understand the cutting edge of today. Whether you're modelling in interiors, designing in fashion or constructing for interiors, in your work or as part of a final project, 3D Printing design is an encouraging guide to additive manufacturing within design disciplines. Francis Bitonti gives an insider's view from his design studio on how 3D printing is already shaking up the industry, and where it's likely to go next. Complete with interviews from designers, business owners and 3D-print experts throughout, Bitonti considers whether 3D body scans mean couture for all, how rapid prototyping can change your design method and if 3D printing materials can enhance medical design, among other areas of this emerging method of manufacture. This is inspirational reading for the designers of tomorrow.
|
| 650 |
|
0 |
|a Dressmaking
|x Technological innovations.
|
| 650 |
|
0 |
|a Tailoring
|x Technological innovations.
|
| 650 |
|
0 |
|a Dress accessories
|x Design and construction.
|
| 650 |
|
0 |
|a Fashion design
|x Data processing.
|
| 650 |
|
0 |
|a Three-dimensional printing.
|0 http://id.loc.gov/authorities/subjects/sh2009006799
|
| 945 |
|
|
|b 125105
|
| 947 |
|
|
|a A14850827420
|
| 948 |
|
|
|a cataloged
|b h
|c 2019/8/28
|d c
|e dmitchel
|f 10:50:40 am
|
| 994 |
|
|
|a 92
|b TXA
|
| 999 |
f |
f |
|s 7677b2c1-3ffc-3ed2-a398-116682af4a0e
|i b7fc2f74-ff11-33a7-8b5a-828cee69f41d
|t 0
|
| 952 |
f |
f |
|p normal
|a Texas A&M University
|b College Station
|c Sterling C. Evans Library
|d Evans: Library Stacks
|t 0
|e TT507 .B546 2019
|h Library of Congress classification
|i unmediated -- volume
|m A14850827420
|
| 998 |
f |
f |
|a TT507 .B546 2019
|t 0
|l Evans: Library Stacks
|